Ősöktől az egyetemességig. 150 éve halt meg Kőrösi Csoma Sándor
Elmentve itt :
| Szerző: | |
|---|---|
| Adatforrás: | Meister |
| Forrásdokumentuma: | A Hét. - 13 sz., 1992, 3 p. |
| Nyelv: | magyar |
| Kulcsszavak: | művelődéstörténet KÖRÖSI CSOMA Sándor |
| LEADER | 00405nab a2200133 i 4500 | ||
|---|---|---|---|
| 001 | bibPRO00005259 | ||
| 008 | 060524s1992 xx hun | ||
| 040 | |a Sz1 | ||
| 041 | |a hun | ||
| 100 | 1 | |a FÁBIÁN Ernő | |
| 245 | 1 | 0 | |a Ősöktől az egyetemességig. 150 éve halt meg Kőrösi Csoma Sándor |c FÁBIÁN Ernő |
| 695 | |a művelődéstörténet | ||
| 695 | |a KÖRÖSI CSOMA Sándor | ||
| 773 | 0 | |t A Hét. - |g 13 sz., 1992, 3 p. | |